Druhá planeta smrti

Bibliographic Details
Main Author: Harrison, Harry, 1925-2012 (Author)
Other Authors: Novotná, Jana, 1952- (Translator), Soukup, Karel, 1965- (Illustrator)
Format: Book
Language:Czech
English
PhysicalDescription:205 s. ilustr. 17 cm
Published: V Brně AF 167 1991
ISBN:8085384051
Edition:Vyd. 1.
Subjects:

MARC

LEADER 00000nam a2200000 a 4500
001 vtls001154317
003 SK-MaSNL
005 20260301233652.0
008 240314s1991 xr a e 0100f cze
020 |a 8085384051  |q (brož.) 
035 |a SNK000097204 
040 |a SNK  |b slo  |c SNK  |e AACR2 
041 1 |a cze  |h eng 
044 |a xr  |c CZ 
072 7 |a 821.111(73)-3  |x Americká próza  |2 konspekt 
080 |a 821.111(73)-31  |2 2011 
080 |a (0:82-311.9)  |2 2011 
100 1 |a Harrison, Harry,  |d 1925-2012  |4 aut  |9 170132 
240 1 0 |a Deathworld 2 
245 1 0 |a Druhá planeta smrti  |c Harry Harrison ; [přeložila Jana Novotná] 
250 |a Vyd. 1. 
260 |a V Brně  |b AF 167  |c 1991 
300 |a 205 s.  |b ilustr.  |c 17 cm 
366 |e 20000 výt. 
500 |a a Preložené z angličtiny 
500 |a Obsahuje biogr. údaje o autorovi na zadnej strane obálky publikácie 
500 |a Obsahuje bibliografiu Harry Harrisona 
500 |a Na obálke pod názvom: První samostatná část světoznámé trilogie o planetách smrti 
655 7 |a americké romány  |2 SNKPH  |9 1174 
655 7 |a vedecko-fantastické romány  |2 SNKPH  |9 70221 
655 7 |a American novels  |2 SNKPHeng  |9 277755 
655 7 |a Science fiction novels  |2 SNKPHeng  |9 277894 
700 1 |a Novotná, Jana,  |d 1952-  |4 trl  |9 119876 
700 1 |a Soukup, Karel,  |d 1965-  |4 bkd  |4 ill  |9 247209 
752 |a Česko  |d Brno 
787 0 8 |i Z trilógie:  |t Planety smrti  |g 2 
919 |a 80-85384-05-1 
958 |a LX 
958 |a UP 
999 |c 967167  |d 969097 
952 |t P60, <05>, [BOOK], {605}  |a SNK  |b SNK  |y PREZ  |7 0  |p 17A0129813  |o snkID 92638  |0 0  |1 0  |4 0  |d 1998-03-19  |l 0  |r 2005-01-01 00:00:00  |w 2026-02-24 
952 |t P60, <04>, [BOOK], {604}  |a SNK  |b SNK  |y VYP  |7 0  |p 17A0388641  |o snkID 92638 D1  |i snkKIP 1728/92  |0 0  |1 1  |4 0  |d 2003-07-15  |l 0  |r 2005-01-01 00:00:00  |w 2026-02-24